Order of Presidential Succession Quiz Stats

 Plays Quiz Updated Dec 28, 2018

Support Sporcle.
Go Orange.
Score 0/18 Timer 06:00
3 Plays Today
Rank Officer % Correct
1.Vice President
99.9%
2.Speaker of the House of Representatives
87.3%
4.Secretary of State
51.9%
3.President pro tem of the Senate
40.4%
6.Secretary of Defense
37.6%
5.Secretary of the Treasury
35.2%
7.Attorney General
24.3%
8.Secretary of the Interior
23.5%
9.Secretary of Agriculture
19.9%
Rank Officer % Correct
18.Secretary of Homeland Security
19.8%
16.Secretary of Education
18.7%
10.Secretary of Commerce
17.8%
12.Secretary of Health and Human Services
16.1%
11.Secretary of Labor
15.8%
14.Secretary of Transportation
15.7%
15.Secretary of Energy
15.2%
13.Secretary of Housing and Urban Development
15.1%
17.Secretary of Veterans' Affairs
14.1%

From the Vault

30 Facts That Start with 'N'

by QuizzleMyShizzle

If you want to get down to the nuts and bolts, it's good to know your 'N' trivia.
Remove Ads.
Support Sporcle.
Get the best of Sporcle when you Go Orange. This ad-free experience offers more features, more stats, and more fun while also helping to support Sporcle. Thank you for becoming a member.

Show Comments

Extras

Top Quizzes Today


Score Distribution

Your Account Isn't Verified!

In order to create a playlist on Sporcle, you need to verify the email address you used during registration. Go to your Sporcle Settings to finish the process.

Report this User

Report this user for behavior that violates our Community Guidelines.

Details: